Αιγαίο : εικόνα και ποίηση

Αποθηκεύτηκε σε:
Λεπτομέρειες βιβλιογραφικής εγγραφής
Άλλοι συγγραφείς: Παπαδάκη, Βέρα
Μορφή: Βιβλίο
Γλώσσα:Greek
Δημοσίευση: Αθήνα : Τροχαλία, 2001.
Θέματα:
Ετικέτες: Προσθήκη ετικέτας
Δεν υπάρχουν, Καταχωρήστε ετικέτα πρώτοι!

MARC

LEADER 00000cam a2200000 i 4500
001 1/23799
008 011114s2001 gr ||| |||| ||gre||
020 |a 9607809912 
035 |l 10067732 
040 |a GR-MyUa  |b gre  |e AACR2 
041 0 |a gre 
082 7 |a 779   |2 (21) 
082 7 |a 779.36   |2 (22) 
245 0 0 |a Αιγαίο :   |b εικόνα και ποίηση /   |c συλλογή εικόνων και επιλογή ποιημάτων Βέρα Α. Παπαδάκη. 
260 |a Αθήνα :   |b Τροχαλία,   |c 2001. 
300 |a 325 σ. :   |b εικ. ;   |c 23 εκ. 
650 0 |a Greek poetry, Modern. 
651 0 |a Aegean Islands (Greece and Turkey)  |x Pictorial works. 
700 1 |a Παπαδάκη, Βέρα. 
852 |a INST  |b LESVOS  |e 20020912  |h 779.36 ΑΙΓ  |p 005100025158  |q 005100025158  |t BK  |y 0 
852 |a INST  |b SYROS  |e 20011114  |h 779 ΑΙΓ  |p 005500000714  |q 005500000714  |t BK  |y 0 
901 |a BIBL5-2001-3 
922 |a 5ΕΛΗ  |b 200111  |c ΒΙΒΛΙΟΘΗΚΗ ΣΥΡΟΥ  |d ΣΤΑΘΟΠΟΥΛΟΣ 
950 |a 188-2001-11-06 
970 |a ΚΡΗΤΙΚΟΥ  |b ΘΩΜΑΙΣ  |z 2001/11/16